Parishes of Barbados - Statistics

General Stats
  • This quiz has been taken 63 times
  • The average score is 8 of 11
Answer Stats
parish % Correct
{Christ} Church
87%
Saint {Andrew}
83%
Saint {John}
81%
Saint {George}
79%
Saint {Peter}
79%
Saint {Thomas}
72%
Saint {James}
70%
Saint {Lucy}
70%
Saint {Michael}
68%
Saint {Philip}
60%
Saint {Joseph}
53%
No matching quizzes found
Score Distribution
Percent of People with Each Score
Percentile by Number Answered
Your Score History
You have not taken this quiz